000 00635cam a22002413a 4500
001 29196
003 PGUSA
005 20140828083630.0
008 090621s2009||||xxu|||||s|||||000 1 eng d
040 _aPGUSA
_beng
042 _adc
050 4 _aPS
100 1 _aShea, Robert,
_d1933-1994
245 1 0 _aMutineer
_h[electronic resource] /
_cRobert Shea
260 _bProject Gutenberg,
_c2009
506 _aPublic domain in the USA.
516 _aElectronic text
653 _aScience fiction
653 _aShort stories
830 0 _aProject Gutenberg
_v29196
856 4 0 _uhttp://www.gutenberg.org/ebooks/29196
942 _cEB
999 _c258451
_d258451